Out of the night / (Запис № 534144)

МАРК-запис
000 -LEADER
fixed length control field 01316cam a22003131a 4500
001 - CONTROL NUMBER
control field outofnight00valt
003 - CONTROL NUMBER IDENTIFIER
control field CaSfIA
005 - DATE AND TIME OF LATEST TRANSACTION
control field 20210118195452.0
007 - PHYSICAL DESCRIPTION FIXED FIELD--GENERAL INFORMATION
fixed length control field cr||||
008 - FIXED-LENGTH DATA ELEMENTS--GENERAL INFORMATION
fixed length control field 950608s1941 nyu 000 0aeng
035 ## - SYSTEM CONTROL NUMBER
-- (DLC) 41005066
010 ## - LIBRARY OF CONGRESS CONTROL NUMBER
LC control number 41005066
035 ## - SYSTEM CONTROL NUMBER
System control number (OCoLC)32612883
040 ## - CATALOGING SOURCE
Original cataloging agency DLC
Transcribing agency PCarlMH
Modifying agency ODaWU
-- NcRS
-- DLC
-- CaSfIA
042 ## - AUTHENTICATION CODE
Authentication code premarc
050 00 - LIBRARY OF CONGRESS CALL NUMBER
Classification number HX276
Item number .K74 1941a
082 ## - DEWEY DECIMAL CLASSIFICATION NUMBER
Classification number 923.343
100 1# - MAIN ENTRY--PERSONAL NAME
Personal name Valtin, Jan,
Dates associated with a name 1904-1951.
245 10 - TITLE STATEMENT
Title Out of the night /
Medium [electronic resource]
Statement of responsibility, etc by Jan Valtin.
260 ## - PUBLICATION, DISTRIBUTION, ETC. (IMPRINT)
Place of publication, distribution, etc New York :
Name of publisher, distributor, etc Alliance Book Corporation,
Date of publication, distribution, etc c1941.
300 ## - PHYSICAL DESCRIPTION
Extent vi, 749 p. :
Dimensions 25 cm.
506 ## - RESTRICTIONS ON ACCESS NOTE
Standardized terminology for access restriction Необхідна авторизація на https://archive.org/ (створення облікового запису безкоштовно)
506 ## - RESTRICTIONS ON ACCESS NOTE
Standardized terminology for access restriction Необхідна авторизація на https://openlibrary.org/ (створення облікового запису безкоштовно)
600 10 - SUBJECT ADDED ENTRY--PERSONAL NAME
Personal name Valtin, Jan,
Dates associated with a name 1904-1951.
651 #0 - SUBJECT ADDED ENTRY--GEOGRAPHIC NAME
Geographic name Germany
General subdivision Politics and government
Chronological subdivision 1933-1945.
856 41 - ELECTRONIC LOCATION AND ACCESS
Uniform Resource Identifier <a href="http://www.archive.org/details/outofnight00valt">http://www.archive.org/details/outofnight00valt</a>
Public note Free eBook from the Internet Archive
856 42 - ELECTRONIC LOCATION AND ACCESS
Uniform Resource Identifier <a href="http://www.openlibrary.org/books/OL6415180M">http://www.openlibrary.org/books/OL6415180M</a>
Public note Additional information and access via Open Library
942 ## - ADDED ENTRY ELEMENTS (KOHA)
Koha item type ЕКнига

Немає доступних примірників.